| 000 | 00595nam a2200205Ia 4500 | ||
|---|---|---|---|
| 001 | 5444 | ||
| 003 | GE_BSU | ||
| 008 | 181216s||||||||xx |||||||||||||| ||und|| | ||
| 040 | _cGE_BSU | ||
| 080 | _a512(092) | ||
| 100 | _aДобровольский, В.А. | ||
| 245 | _aДимитрий Александович Граве.1863-1939 | ||
| 245 | _cОтв ред Б.Р. Розенфрельд | ||
| 260 | _aМосква | ||
| 260 | _bНаука | ||
| 260 | _c1968 | ||
| 300 | _a110 с. 20 см. | ||
| 653 | _aДимитрий Александович Граве.1863-1939 | ||
| 942 | _cBK | ||
| 999 |
_c38982 _d38982 |
||